000 03294njm a2200565Ia 4500
001 23891
003 IT-RoPAU
005 20220918181126.0
008 131025s9999 xx 000 0 und d
040 _aIT-RoPAU
040 _cIT-RoPAU
041 _aITALIANO
999 _c100140
_d100140
999 _bn.d.
100 _aAA.VV.
_9794
100 _eAutore musica
_97099
100 _gCodice autore musica SPICS: 12000
_9796
245 _aVecchio pianino (Lp Sm 3140)
250 _a1a ed.
260 _aITALY
260 _bJOKER - W. GURTLER
_c1969 [1a Ed.:1969]
300 _aDISCO
500 _aCanzone italiana
505 _aUno a te, uno a me - Romantica - Maliarda - E' mezzanotte - Mare verde - Vorrei volare - Quando vien la sera - Il mare - Il mare nel cassetto - La spagnola - Lettera a Pinocchio - Credere - Buenas noches mi amor - Marina - Anime vaganti - Splende l'arcobaleno
650 _aCANZONE ITALIAN [DISCHI]
_eCodice MATERIA SPICS: 9950
_97100
700 _aHadjidakis
_dCodice autore musica SPICS: 13935
_eAutore musica
_pUno a te, uno a me
_97101
700 _aRascel Renato
_dCodice autore musica SPICS: 13602
_eAutore musica
_pRomantica
_97102
700 _aVerde
_dCodice autore SPICS: 14028
_eAutore
_pRomantica
_97103
700 _aVale T.
_dCodice autore musica SPICS: 14029
_eAutore musica
_pMaliarda - Anime vaganti
_97104
700 _aCozzoli Michele
_dCodice autore musica SPICS: 13648
_eAutore musica
_pE' mezzanotte
_97105
700 _aTesta Michele (=Gill Armando)
_dCodice autore musica SPICS: 13131
_eAutore musica
_pE' mezzanotte - Quando vien la sera
_97106
700 _aCompari
_dCodice autore testo/musica SPICS: 22690
_eAutore testo/musica
_pE' mezzanotte
_97107
700 _aMazzocco
_dCodice autore musica SPICS: 14030
_eAutore musica
_pMare verde
_97108
700 _aVancheri
_dCodice autore musica SPICS: 14031
_eAutore musica
_pVorrei volare
_97109
700 _aRossi Carlo Alberto (Cicero)
_dCodice autore SPICS: 13130
_eAutore
_pQuando vien la sera
_97110
700 _aVian
_dCodice autore musica SPICS: 14032
_eAutore musica
_pIl mare
_97111
700 _aPugliese
_dCodice autore SPICS: 22763
_eAutore
_pIl mare
_97112
700 _aLavalle
_dCodice autore musica SPICS: 14033
_eAutore musica
_pIl mare nel cassetto
_97113
700 _aLattuada
_dCodice autore SPICS: 14034
_eAutore
_pIl mare nel cassetto
_97114
700 _aDi Chiara Vincenzo
_dCodice autore musica SPICS: 13434
_eAutore musica
_pLa spagnola
_97115
700 _aPanzeri Mario
_dCodice autore musica SPICS: 13372
_eAutore musica
_pLettera a Pinocchio
_97116
700 _aForlani
_dCodice autore musica SPICS: 14036
_eAutore musica
_pCredere
_97117
700 _aForte
_dCodice autore SPICS: 14035
_eAutore
_pCredere
_97118
700 _aGiraud Hubert
_dCodice autore musica SPICS: 14038
_eAutore musica
_pBuenas noches mi amor
_97119
700 _aFontenoy
_dCodice autore SPICS: 14037
_eAutore
_pBuenas noches mi amor
_97120
700 _aRocco
_dCodice autore musica SPICS: 14039
_eAutore musica
_pMarina
_97121
700 _aGranata Rocco
_dCodice autore SPICS: 14040
_eAutore
_pMarina
_97122
700 _aDi Ceglie Cosimo
_dCodice autore musica SPICS: 13484
_eAutore musica
_pSplende l'arcobaleno
_97123
700 _aTuminelli Sandro
_dCodice autore SPICS: 25258
_eAutore
_pSplende l'arcobaleno
_97124
942 _cMD
_2ddc